01425nam a22003737a 4500003000400000005001700004008004100021040002200062082001400084100003800098245004500136260005600181300001800237366000800255490002300263505002300286505004600309505017800355505001100533505001500544505002900559505002800588505001600616505001200632650004100644650005000685650004300735650004800778650004300826650004400869650004800913650004700961650004301008OSt20230413144234.0221006b |||||||| |||| 00| 0 eng d cBiblioteca Lado V a700bK41a aRuiz, Margaritaeeditoredirector aArte Cubano/bRevista de Artes Visuales/ bConsejo Nacional de las Artes Plasticasc1998aCuba c21x28cma90p. espa v1998a1x1024 8439 tCarta del Director tII Salón de Arte Cubano Contemporáneo tRuta CriticaaObsesiones Anuncios de jaime Valls Iberoamerica pinta El paso Realidad de una utopia o la osadia de punto Achille bonito Oliva Basilica Menor y Convento tLIBROS tPatrimonio tLa revista en la revista tNoticias de Arte Cubano tHistorietas tSummary 2Tesauro de Arte & ArquitecturaaARTE 2Tesauro de Arte & ArquitecturaaEXPOSICIONES  2Tesauro de Arte & ArquitecturaaBIENAL 2Tesauro de Arte & ArquitecturaaAPRECIACION 2Tesauro de Arte & ArquitecturaaTEORIA 2Tesauro de Arte & ArquitecturaaCRITICA 2Tesauro de Arte & ArquitecturaaFOTOGRAFIA  2Tesauro de Arte & ArquitecturaaLITERATURA 2Tesauro de Arte & ArquitecturaaCUBANO